Central Library OPAC University of Rajshahi

Shallow tubewell irrigation system in Bangladesh : (Record no. 82355)

MARC details
000 -LEADER
fixed length control field 01064nam a22002417a 4500
001 - CONTROL NUMBER
RUCL Control Number 82355
003 - CONTROL NUMBER IDENTIFIER
rucl marc code BD-RjUL
005 - DATE AND TIME OF LATEST TRANSACTION
control field 20240116120240.0
008 - FIXED-LENGTH DATA ELEMENTS--GENERAL INFORMATION
fixed length control field 231127s2018 bg a|||| m||| 00| 0 eng d
035 ## - SYSTEM CONTROL NUMBER
system control number (BD-RjUL)82355
040 ## - CATALOGING SOURCE
Original cataloging agency BD-RjUL
Language of cataloging eng
Transcribing agency BD-RjUL
Modifying agency BD-RjUL
041 ## - LANGUAGE CODE
Language code of Book eng
082 ## - DEWEY DECIMAL CLASSIFICATION NUMBER
DDC Edition number 23
Classification number 658.095492
Author mark and Year HOS 2018
100 ## - MAIN ENTRY--PERSONAL NAME
Personal name Hossain, Md. Alauddin
9 (RLIN) 10203
245 10 - TITLE STATEMENT
Title Shallow tubewell irrigation system in Bangladesh :
Remainder of title Perspective structure, management and performance /
Statement of responsibility, etc Submitted By Md. Alauddin Hossain ;
Name of Supervisor/Co-Supervisor Supervisor : Md. Toufiq Iqbal.
260 ## - PUBLICATION, DISTRIBUTION, ETC. (IMPRINT)
Place of publication, distribution, etc Rajshahi :
Name of publisher, distributor, etc Department of Agronomy and Agricultural Extension Faculty of Agriculture, University of Rajshahi,
Date of publication, distribution, etc 2018.
300 ## - PHYSICAL DESCRIPTION
Pagination xvi, 165 leaves :
Other physical details ill, ;
Dimensions 29.cm.
502 ## - DISSERTATION NOTE
Dissertation note Thesis (Ph. D.) -- Department of Agronomy and Agricultural Extension Faculty of Agriculture, University of Rajshahi, 2018
504 ## - BIBLIOGRAPHY, ETC. NOTE
Bibliography, etc References : Leaves 124 - 132
650 ## - SUBJECT ADDED ENTRY--TOPICAL TERM
Topical term or geographic name as entry element General Management
Form subdivision Shallow tubewell
Geographic subdivision Bangladesh
9 (RLIN) 10204
700 ## - ADDED ENTRY--SUPERVISOR/CO-SUPERVISOR NAME
Personal name Iqbal Md. Toufiq, Supervisor
9 (RLIN) 6809
942 ## - ADDED ENTRY ELEMENTS (KOHA)
Source of classification or shelving scheme Dewey Decimal Classification
Koha item type Theses
Holdings
Source of classification or shelving scheme Damaged status Not for loan Collection code Permanent Location Current Location Shelving location Date of accession Source of acquisition Total Checkouts Full call number Barcode Date last seen Copy number Thesis
Dewey Decimal Classification   Not For Loan Theses Central Library, University of Rajshahi Central Library, University of Rajshahi Documentation Section 06/08/2019 Controller of Exam. R.U.   THE 658.095492 HOS 2018 D4354 27/11/2023 C-2 Theses